000 01204 a2200253 4500
003 Nust
005 20220728164418.0
010 _a 93007163
020 _a0890066949
040 _cNust
082 0 0 _a384,WRO
100 1 _aWrobel, Leo A.
_995688
245 1 0 _aWriting disaster recovery plans for telecommunications networks and LAN /
_cLeo A. Wrobel.
260 _aBoston :
_bArtech House,
_cc1993.
300 _axiii, 138 p. :
_bill. ;
_c24 cm.
440 0 _aArtech House telecommunications library
_994181
505 _aObjective of the plan (Page-1), Options for Developing the plan (Page-11), Phase.1Gain Management Commitment (Page-25) ,Phase ii, Educate Staff and Define Standard (Page-39), Laying the Groundwork for the Planning (Page-47), Phase III Documenting the plan (Page-57), Fax Machines, Cellular Telephones (Page-107), Developing Operating and Security (Page-119).
650 0 _aDisasters.
_931303
650 0 _aEmergency management
_xPlanning.
_995689
650 0 _aEmergency management.
650 0 _aLocal area networks (Computer networks)
_xSecurity measures
_xPlanning.
_995690
650 0 _aTelecommunication systems
_xSecurity measures
_xPlanning.
_995691
942 _cREF
_2ddc
999 _c175960
_d175960